Elocuencia y poesía castellanas.

Gespeichert in:
Bibliographische Detailangaben
1. Verfasser: Vidal de Valenciano, Cayetano. Autor, Catedrático por oposición de la Facultad de Filosofía y Letras de la Universidad de Barcelona
Format: keine Angabe
Sprache:Spanisch
Erschienen: Barcelona Sucesores de Blas Camí 1916
Ausgabe:14ª
Katalog:MANES:  Suchergebnis im Bibliothekskatalog
Schulbuchspezifische Eigenschaften:
Tags: Tag hinzufügen
Keine Tags, Fügen Sie den ersten Tag hinzu!
Hinzugefügt zu:26.04.2016
Geändert in:07.05.2025

MARC

LEADER 000000000a22000000004500
001 11366
003 OSt
005 20250507134319.0
008 160427s sp ||||| |||| 00| 0 spa d
040 |c centro_manes 
041 1 |a spa 
561 |5 es-BUNED  |3 LT 0411  |a España. Fondo Manes UNED  |k MANES 
691 0 |a PRI 
100 1 |a Vidal de Valenciano, Cayetano. Autor, Catedrático por oposición de la Facultad de Filosofía y Letras de la Universidad de Barcelona  |9 5340 
245 0 0 |a Elocuencia y poesía castellanas. 
250 |a 14ª 
260 3 |a Barcelona  |b Sucesores de Blas Camí  |c 1916 
300 |a 416 p.  |c 18 x 12 cm 
690 0 |a LEN  |a EyL 
942 |2 ddc  |c BK 
546 |a España 
999 |c 17340  |d 17340 
999 |c manes:17340  |d 17340